00362nam a2200133 a 450000500170000000800410001702000180005805000250007610000150010124500500011626000320016630000090019844000210020720140412111326.0110128s19uu xx 00 eng d a0-590-62384-2 aTR(PS EbFe32af 1996 aBerry, Joy aLet's talk about Feeling Afraid /cJoy Berry. aU.S.A :bScholastic,c1999. aunp. aLet's talk about